000
00272nam a2200109Ia 4500
008
230907s9999||||xx |||||||||||||| ||und||
082
_a
628
_b
ClE,
245
0
_a
Cleantech Conference and Showcase 2012
260
_a
CRC Press
_b
Boston
_c
2012
300
_a
420p.
942
_c
BK
999
_c
597745
_d
597745